| 000 | 01128nam a22003377a 4500 | ||
|---|---|---|---|
| 003 | CHAP | ||
| 005 | 20220329140816.0 | ||
| 008 | 971013s r 00010 d | ||
| 010 | _a57954 | ||
| 011 | _a58926 | ||
| 035 | _a63083 | ||
| 040 | _cCHAP | ||
| 090 | _aR-1772 | ||
| 100 | 0 | 0 |
_aStewart, G. A. _9109762 |
| 245 | _aHigh potential productivity of the tropics for cereal crops, grass forage crops, and beef | ||
| 500 | _ac.4-5 en bodega | ||
| 500 | _aSobretiro de: J. of the Aust. Inst. Agric. Science 36(2):85-101, 1970. | ||
| 590 |
_aBATCH-UPD _b10 _c20130110 _lUCH01 _h0603 |
||
| 590 |
_aBATCH-UPD _b10 _c20130410 _lUCH01 _h0245 |
||
| 590 |
_aBATCH-UPD _b10 _c20130914 _lUCH01 _h0847 |
||
| 590 |
_aCONVERSION _b10 _c20130109 _lUCH01 _h1331 |
||
| 650 | 1 | 4 |
_aCarne _xProducción. _919109 |
| 650 | 1 | 4 |
_aCereales _xRendimiento. _921461 |
| 650 | 1 | 4 |
_aPastos _xRendimiento. _986076 |
| 650 | 1 | 4 |
_aPastos _xTrópicos. _986085 |
| 901 | _aBK | ||
| 942 | _cFOLL | ||
| 949 |
_aR-1772 _bBC _cR _d-135342 _eTS1 _i63083 _si |
||
| 949 |
_aR-1772 _bBC _cR _d-135343 _eTS2 _fc.2 _i63083 _si |
||
| 949 |
_aR-1772 _bBC _cR _d-135344 _eTS2 _fc.3 _i63083 _si |
||
| 999 |
_c57954 _d57954 |
||